000 00308nam a2200133Ia 4500
008 100328s9999 xx 000 0 und d
082 _b71975
100 _aSharma Robin.
245 _aLeadership Wisdom
260 _bJaico.
630 _aLeadership Wisdom
730 _aLeadership Wisdom
942 _cBOOK
999 _c557698
_d557695